Statistics for IMDB Top 250 Movies of All-Time

Click here to take the quiz!

General Stats

  • This quiz has been taken 1,381 times
    (1,348 since last reset)
  • The average score is 82 of 250

Answer Stats

# Score Year Movie % Correct
998.31997L.A. Confidential
91%
29.21972The Godfather
86%
738.41931M
85%
758.41983Star Wars: Episode VI - Return of the Jedi
80%
128.71980Star Wars: Episode V - The Empire Strikes Back
80%
198.71977Star Wars: Episode IV - A New Hope
80%
19.21994The Shawshank Redemption
76%
168.72002The Lord of the Rings: The Two Towers
73%
98.92003The Lord of the Rings: The Return of the King
71%
48.92008The Dark Knight
71%
118.82001The Lord of the Rings: The Fellowship of the Ring
70%
58.91994Pulp Fiction
70%
39.01974The Godfather: Part II
69%
138.71994Forrest Gump
67%
1028.31995Toy Story
62%
308.51942Casablanca
62%
1548.11939Gone with the Wind
60%
368.51960Psycho
60%
68.91993Schindler's List
59%
148.72010Inception
59%
328.51998Saving Private Ryan
57%
588.41980The Shining
54%
108.81999Fight Club
54%
528.51979Alien
54%
348.51981Indiana Jones: Raiders of the Lost Ark
53%
838.31976Taxi Driver
53%
618.42012The Dark Knight Rises
53%
688.41941Citizen Kane
53%
2098.01975Jaws
52%
418.51991Terminator 2: Judgment Day
52%
2118.01984The Terminator
52%
478.52000Gladiator
52%
178.71990Goodfellas
52%
548.41994The Lion King
51%
188.71999The Matrix
51%
958.319682001: A Space Odyssey
51%
1118.32005Batman Begins
50%
158.71975One Flew Over the Cuckoo's Nest
50%
88.91966The Good, the Bad, and the Ugly
50%
2228.01976Rocky
49%
788.31992Reservoir Dogs
49%
818.31971A clockwork Orange
48%
2178.02011Harry Potter and the Deathly Hallows: Part 2
48%
238.61991The Silence of the Lambs
48%
78.9195712 Angry Men
47%
488.51979Apocalypse Now
47%
598.42012Django Unchained
47%
1688.12003Kill Bill: Volume 1
46%
638.41999American Beauty
46%
698.41958Vertigo
46%
1408.21995Casino
45%
778.32010Toy Story 3
45%
258.61946It's a Wonderful Life
45%
2108.01993Jurassic Park
45%
1858.11959Ben-Hur
44%
248.61995The Usual Suspects
44%
378.51954Rear Window
44%
468.52006The Departed
43%
668.41986Aliens
43%
798.31995Braveheart
43%
1158.21980Raging Bull
42%
888.31987Full Metal Jacket
41%
1148.22009Up
41%
1708.11986Platoon
41%
428.51999The Green Mile
41%
678.41959North by Northwest
41%
518.51985Back to the Future
41%
858.31962To Kill a Mockingbird
40%
1138.31983Scarface
40%
448.52000Memento
40%
1208.21988Die Hard
40%
1628.12003Finding Nemo
40%
868.31962Lawrence of Arabia
39%
648.42008WALL-E
38%
1238.21997Good Will Hunting
38%
1108.31959Some Like It Hot
38%
1648.12007No Country for Old Men
38%
288.62014Interstellar
38%
228.61995Se7en
38%
2378.02003Spring, Summer, Fall, Winter... and Spring
38%
1538.11996Fargo
37%
1038.32009Inglourious Basterds
37%
508.51964Dr. Strangelove
37%
208.71954Seven Samurai
37%
1788.11977Annie Hall
35%
1938.11939The Wizard of Oz
35%
2508.01967The Graduate
35%
268.61997Life Is Beautiful
35%
2458.01991Beauty and the Beast
34%
318.51998American History X
34%
918.31952Singin' in the Rain
34%
1358.21982Blade Runner
34%
1728.11969Butch Cassidy and the Sundance Kid
33%
278.61994Léon: The Professional
33%
1868.12004Million Dollar Baby
33%
358.51931City Lights
33%
1188.21974Chinatown
33%
298.61968Once Upon a Time in the West
32%
1248.21995Heat
32%
1488.11978The Deer Hunter
32%
438.52002The Pianist
32%
568.41940The Great Dictator
32%
398.51936Modern Times
32%
908.31973The Sting
32%
1128.31992Unforgiven
32%
1758.12007There Will Be Blood
31%
628.42015Mad Max: Fury Road
31%
1448.21998The Big Lebowski
31%
1778.1201312 Years a Slave
31%
928.31984Amadeus
31%
748.42001Amélie
30%
768.41984Once Upon a Time in America
30%
1958.12010Shutter Island
30%
2028.12012The Avengers
30%
1018.31960The Apartment
30%
218.62002City of God
30%
2398.02014X-Men: Days of Future Past
30%
498.51950Sunset Boulevard
29%
1518.12001A Beautiful Mind
29%
338.52001Spirited Away
29%
878.32004Eternal Sunshine of the Spotless Mind
29%
2168.02001Monsters, Inc.
29%
538.52006The Prestige
29%
1618.11999The Sixth Sense
28%
968.31950All About Eve
28%
1438.22008Gran Torino
28%
1008.31921The Kid
28%
1088.31927Metropolis
27%
938.31975Monty Python and the Holy Grail
27%
1398.22013The Wolf of Wall Street
27%
408.52014Whiplash
27%
1588.11954Dial M for Murder
27%
948.32000Snatch
27%
1978.11982Gandhi
27%
848.32000Requiem for a Dream
27%
978.31965For a Few Dollars More
27%
1198.21963The Great Escape
27%
1568.11996Trainspotting
27%
1598.11941The Maltese Falcon
27%
1528.12014Gone Girl
26%
1738.11976Network
26%
1458.22005V for Vendetta
26%
2158.01952High Noon
26%
718.42003Oldboy
26%
708.41997Princess Mononoke
26%
728.41981Das Boot
26%
1998.12001Donnie Darko
25%
1278.21957The Bridge on the River Kwai
25%
458.52015Inside Out
25%
608.41957Paths of Glory
25%
2208.02010The King's Speech
25%
1078.31949The Third Man
25%
1558.11934It Happened One Night
24%
578.41988Cinema Paradiso
24%
1718.11979Life of Brian
24%
1498.11967Cool Hand Luke
24%
388.52011The Intouchables
24%
1308.21985Ran
24%
2278.01964A Fistful of Dollars
24%
1798.11986Stand by Me
23%
2218.01975Dog Day Afternoon
23%
2318.01953Roman Holiday
23%
1658.11982The Thing
23%
1268.21939Mr. Smith Goes to Washington
23%
558.42006The Lives of Others
23%
1608.12013Rush
23%
1468.21940Rebecca
23%
658.41988Grave of the Fireflies
22%
988.31950Rashomon
22%
1318.21925The Gold Rush
22%
2298.02003Pirates of the Caribbean: The Curse of the Black Pearl
22%
1338.21926The General
22%
1508.12010How to Train Your Dragon
22%
1828.12014The Grand Budapest Hotel
22%
1818.11987The Princess Bride
22%
2128.01993Groundhog Day
22%
1668.12004Hotel Rwanda
22%
1418.22004Howl's Moving Castle
22%
1178.22004Downfall
21%
1168.220093 Idiots
21%
1258.22006Pan's Labyrinth
21%
2328.02011The Help
21%
1098.31961Yojimbo
21%
1228.21954On the Waterfront
21%
1378.21980Lock, Stock and Two Smoking Barrels
21%
1848.11940The Grapes of Wrath
21%
898.31948Bicycle Thieves
21%
2018.11951Strangers on a Train
21%
2048.02014Guardians of the Galaxy
21%
1808.11966Persona
20%
808.31957Witness for the Prosecution
20%
1428.22011Warrior
20%
1068.31989Indiana Jones and the Last Crusade
20%
2388.02013Prisoners
20%
2198.01975Barry Lyndon
20%
1578.12007Into the Wild
20%
1968.119638 1/2
20%
1328.21957The Seventh Seal
20%
1218.22012The Hunt
20%
1348.21957Wild Strawberries
20%
2058.01995Twelve Monkeys
19%
1638.12009Mary and Max
19%
2258.01946Notorious
19%
1298.21952Ikiru
19%
1928.11946The Best Years of Our Lives
19%
1898.12005Sin City
19%
828.31944Double Indemnity
19%
2428.01956The Killing
19%
1768.11959The 400 Blows
19%
1748.11958Touch of Evil
19%
2498.01960La Dolce Vita
19%
2358.02014Boyhood
19%
2288.01966Who's Afraid of Virginia Woolf?
18%
2248.01998The Truman Show
18%
2418.01946The Big Sleep
18%
2488.01962What Ever Happened to Baby Jane?
18%
2088.01995Before Sunrise
18%
1698.12010Incendies
18%
1478.21961Judgement at Nuremberg
18%
1878.11993In the Name of the Father
18%
1948.11979Stalker
18%
1388.21998The Elephant Man
18%
2308.01986Castle in the Sky
17%
2478.01973Papillon
17%
1888.11955Diabolique
17%
2238.02008Ip Man
17%
2468.02004Before Sunset
17%
1048.31948The Treasure of the Sierra Madre
17%
2148.02014Wild Tales
17%
1288.21988My Neighbor Totoro
17%
2338.01954La Strada
16%
2368.01995Underground
16%
1908.12009Hachi: A Dog's Tale
16%
2038.01982Fanny and Alexander
16%
2138.02003Memories of Murder
16%
1678.11953The Wages of Fear
16%
1368.22009The Secret in Their Eyes
16%
2448.01994Three Colors: Red
16%
1988.12007The Bourne Ultimatum
15%
1058.32011A Separation
15%
2268.01995La Haine
15%
1918.11984Nausicaä of the Valley of the Wind
15%
1838.12000Amores Perros
15%
2438.02001Lagaan: Once Upon a Time in India
15%
2078.01966The Battle of Algiers
15%
2188.02014The Imitation Game
14%
2408.01967Le Samoura
14%
2008.11957Throne of Blood
14%
2348.01955The Night of the Hunter
14%
2068.02002Infernal Affairs
13%

Score Distribution

Percentile by Number Answered

Percent of People with Each Score

Your Score History

You have not taken this quiz since the last reset